00688nam a2200193Ia 4500003000900000008004100009020001800050040001600068080001700084100002400101245010700125260004000232300001500272650002200287650002600309942000700335999001700342952013500359IN-BaIIA211028s9999 xx 000 0 eng d a0-471-95736-4 cIIA Library a524.834bMOS aMoss, Ian G.922127 0aQuantum theory, black holes and inflationcIan G. Moss  aChichesterbJohn Wiley & Sonsc1996 axii, 162p. aBlack holes97728 aQuantum physics92816 cBK c12630d12630 00104070aBANbBANcGENd1998-08-27eINFO g2989.80l0o524.834/ MOSp13547r2021-11-05v2989.80w1998-08-27yBKGRs. 2989.80